| 000 | 00822cam a2200229 4500 | ||
|---|---|---|---|
| 001 | WB3746-07 | ||
| 008 | 011206n2001 000 0 eng u | ||
| 035 | _a(Sirsi) u115909 | ||
| 245 | _aRICS demands local building regs cull | ||
| 260 | _c2001 | ||
| 490 |
_aRICS Press Release _v(pr161) 6 December, (5) |
||
| 520 | _aAn RICS report "Rethinking control of buildings" argues that the most useful parts of local building control regulations should be incorporated into national law while the rest should be repealed. Copies available from 020 7334 3716. | ||
| 590 | _aWB | ||
| 650 |
_aBUILDING CONTROL _96222 |
||
| 650 | _aLOCAL BUILDING ACTS | ||
| 650 | _aREFORM | ||
| 650 | _aRICS | ||
| 650 | _aLOCAL AUTHORITIES | ||
| 650 | _aLONDON BOROUGHS | ||
| 690 | _aBUILT ENVIRONMENT-BUILDING STANDARDS | ||
| 942 | _n0 | ||
| 999 |
_c69051 _d69051 |
||